| 000 | 01993nam a2200553 i 4500 | ||
|---|---|---|---|
| 001 | 53223 | ||
| 003 | KOSZ 005 | ||
| 005 | 20200805095025.0 | ||
| 008 | 070410s2006 pl a f |000 0 pol | ||
| 015 | _aUWD 2007/11206 | ||
| 035 | _a991033528309705066 | ||
| 035 | _a(PL-WaBN)b18977224-48omnis_nlop | ||
| 035 | _ab18977224 | ||
| 035 | _a(OCoLC)749273577 | ||
| 035 | _a(PL)b0000001897722 | ||
| 035 | _a(EXLNZ-48OMNIS_NETWORK)9910463767305606 | ||
| 040 |
_aWA N _cWA N _dKOSZ 005 |
||
| 041 | 0 |
_apol _beng |
|
| 046 | _k2006 | ||
| 080 | _a664.6 | ||
| 080 | _a532 | ||
| 080 | _a519.87 | ||
| 100 | 1 |
_aChwarścianek, Feliks _eAutor |
|
| 245 | 1 | 0 |
_aProjektowanie i podstawy teorii formowania kształtek kulistych z ciasta / _cFeliks Chwarścianek. |
| 260 |
_aBydgoszcz : _bWydawnictwa Uczelniane Akademii Techniczno-Rolniczej, _c2006. |
||
| 300 |
_a225 s. : _bil. ; _c23 cm. |
||
| 336 |
_aTekst _btxt _2rdacontent |
||
| 337 |
_aBez urządzenia pośredniczącego _bn _2rdamedia |
||
| 338 |
_aWolumin _bnc _2rdacarrier |
||
| 380 | _aKsiążki | ||
| 380 | _aPublikacje naukowe | ||
| 388 | _a2001- | ||
| 490 | 1 |
_aRozprawy / Akademia Techniczno-Rolnicza im. Jana i Jędrzeja Śniadeckich w Bydgoszczy, _x0209-0597 ; _vnr 124 |
|
| 504 | _aBibliogr. s. 165-168. | ||
| 546 | _aStreszcz. ang. | ||
| 650 | 7 |
_aPieczywo _2DBN |
|
| 650 | 7 |
_aPiekarstwo _2DBN |
|
| 650 | 7 | _aTechnologia żywności | |
| 650 | 7 | _aUrządzenia | |
| 650 | 7 |
_aReologia _2DBN |
|
| 650 | 7 | _aModele matematyczne | |
| 658 | _aRolnictwo i leśnictwo | ||
| 658 | _aInżynieria i technika | ||
| 710 | 2 |
_aWydawnictwa Uczelniane Akademii Techniczno-Rolniczej (Bydgoszcz) _4pbl |
|
| 830 | 0 |
_aRozprawy - Akademia Techniczno-Rolnicza im. Jana i Jędrzeja Śniadeckich w Bydgoszczy _vnr 124 |
|
| 856 |
_uhttp://koha.tu.koszalin.pl/cgi-bin/koha/opac-detail.pl?biblionumber=53223 _yKatalogonline BPK |
||
| 942 |
_2UKD _cKS |
||
| 999 |
_c53223 _d53223 |
||